Dotácie, podpory, príspevky poskytnuté fyzickým osobám z hľadiska dane z príjmov

Definícia a delenie dotácií. Dotácie, podpory, príspevky z hľadiska ich oslobodenia od dane z príjmov poskytnuté fyzickým osobám. Zdanenie dotácií, podpôr a príspevkov fyzickou osobou. Spôsob zahrnutia dotácie, podpory alebo príspevku u daňovníka, ktorý účtuje v sústave jednoduchého účtovníctva, ale...

Description complète

Enregistré dans:
Détails bibliographiques
Auteur principal: Brnová, Miroslava
Format: Chapitre de livre
Langue:slovaque
Sujets:
Tags: Ajouter un tag
Pas de tags, Soyez le premier à ajouter un tag!

MARC

LEADER 00000naa a2200000 4500
001 0272796
005 20210331163832.7
041 0 |a slo 
044 |a SK 
245 1 0 |a Dotácie, podpory, príspevky poskytnuté fyzickým osobám z hľadiska dane z príjmov  |c Miroslava Brnová 
520 |a Definícia a delenie dotácií. Dotácie, podpory, príspevky z hľadiska ich oslobodenia od dane z príjmov poskytnuté fyzickým osobám. Zdanenie dotácií, podpôr a príspevkov fyzickou osobou. Spôsob zahrnutia dotácie, podpory alebo príspevku u daňovníka, ktorý účtuje v sústave jednoduchého účtovníctva, alebo ktorý vedie daňovú evidenciu. Spôsob zahrnutia dotácie u daňovníka, ktorý uplatňuje výdavky percentom z dosiahnutých príjmov. Spôsob zahrnutia dotácie u daňovníka, ktorý účtuje v sústave podvojného účtovníctva. 
610 2 0 |a dotácie 
610 2 0 |a účtovníctvo 
610 2 0 |a dane z príjmov 
610 2 0 |a daňovníci 
610 2 0 |a podpory 
610 2 0 |a účtovanie 
100 1 |a Brnová, Miroslava